000 00963nam a22003257a 4500
001 BR0603267
003 BR-BrBNA
005 20230928102228.0
007 ta
008 230509b bl.||||| |||| 00| 0 por d
040 _aBR-BrBNA
_bpor
_cBiblioteca Nacional de Agricultura
041 _a(Por)
072 _aE11; E50
090 _ E11 BR0603267
100 1 _aFrança, C.G. de
100 1 _aSparovek, G.(coord.)
110 1 _aMinistério do Desenvolvimento Agrário, Brasília, DF (Brasil)
_97107
110 1 _aNúcleo de Estudos Agrários e Desenvolvimento Rural, Brasília, DF (Brasil)
_97673
245 1 _aAssentamentos em debate
260 3 _aBrasília, DF (Brasil):
_c2005.
300 _a300 p.
650 _aASSENTAMENTO
650 _aREFORMA AGRÁRIA
650 _aSOCIOLOGIA RURAL
650 _aMEIO AMBIENTE
650 _aDESENVOLVIMENTO RURAL
650 _aPESQUISA AGRÍCOLA
909 _a202309
_bLucia
_c55
_dLucia Elande
942 _cBK
999 _c69752
_d69752